Sociología urbana /
Se describe el surgimiento de la sociología urbana, el acopio sistemático de conocimientos acerca de la ciudad: su significado y sentido, su crecimiento y cambios, la teoría del urbanismo y sobre el urbanismo, así como las diversas perspectivas teóricas que la abordan.
Salvato in:
| Autore principale: | |
|---|---|
| Natura: | testo |
| Soggetti: | |
| Tags: |
Aggiungi Tag
Nessun Tag, puoi essere il primo ad aggiungerne!!
|
MARC
| LEADER | 00000 a a2200000 04500 | ||
|---|---|---|---|
| 001 | 40904 | ||
| 003 | |||
| 040 | |||
| 100 | |a Alabart, Anna | ||
| 245 | |a Sociología urbana / |c Anna Alabart | ||
| 520 | |a Se describe el surgimiento de la sociología urbana, el acopio sistemático de conocimientos acerca de la ciudad: su significado y sentido, su crecimiento y cambios, la teoría del urbanismo y sobre el urbanismo, así como las diversas perspectivas teóricas que la abordan. | ||
| 590 | |a EFU/MAYO2011 | ||
| 650 | |a 1.SOCIOLOGIA | ||
| 650 | |a 2.URBANISMO | ||
| 650 | |a 3.SOCIOLOGOS | ||
| 650 | |a 4.TEORIA | ||
| 773 | |g páginas 459-491 | ||
| 999 | |c 38091 |d 38091 | ||
